00999nam a2200229 a 450000100100000000500170001000800410002704000250006808200150009310000360010824501270014426000670027130000290033850000420036750400470040970000290045670000270048504900090051295201130052195201180063499900170075200001716220200929165034.0100319s1983 dr a 000 0 spa d aDO-SdBNPbspacBNPHU axxxbL865a1 aLora Salcedo, Radhamés93779310aAtlas de diagramas climáticos de la República Dominicana /cRadhamés Lora Salcedo, Jurgen Czerwenka, Eberhard Bolay. aSanto Domingo :bSecretaría de Estado de Agricultura,c1983. a91 p. :bgraf. ;c29 cm. aIncluye notas al pie de las páginas aIncluye referencias bibliográficas ( 91)1 aCzerwenka, Jurgen9377941 aBolay, Eberhard937795 aBNPD 0010718PDaPDbPDcCTd2010-03-19iLF1l0oxxx L865ap17162-10r2020-06-25w2020-06-25yLFPDZNo se presta 0010718PDaPDbPDcCTd2010-03-19iLF1l0oxxx L865ap17162-20r2020-06-25te.2w2020-06-25yLFPDZNo se presta c16688d16688